Obras completas / (Record no. 186405)

MARC details
000 -LEADER
campo de control de longitud fija 01033nam a2200241 i 4500
001 - NÚMERO DE CONTROL
campo de control 186405
003 - IDENTIFICADOR DE NÚMERO DE CONTROL
campo de control SpMaBN
005 - FECHA Y HORA DE LA ÚLTIMA TRANSACCIÓN
campo de control 20240522092758.0
008 - DATOS DE LONGITUD FIJA--INFORMACIÓN GENERAL
campo de control de longitud fija 161107s1968 sp |||| |dspa d
080 ## - NÚMERO DE LA CLASIFICACIÓN DECIMAL UNIVERSAL
Número de la Clasificación Decimal Universal 821.161.1-3"18"
100 0# - ENTRADA PRINCIPAL--NOMBRE DE PERSONA
Nombre de persona Gogol', Nikolaï Vasil'evich,
Fechas asociadas al nombre 1809-1852
9 (RLIN) 57597
245 10 - MENCIÓN DEL TÍTULO
Título Obras completas /
Mención de responsabilidad, etc. Nikolai Vasílievich Gógol ; introducción de José M.ª Valverde ; traducción y notas de José Laín Entralgo.
250 ## - MENCION DE EDICION
Mención de edición 2ª ed.
260 ## - PUBLICACIÓN, DISTRIBUCIÓN, ETC.
Lugar de publicación, distribución, etc. Barcelona :
Nombre del editor, distribuidor, etc. Planeta,
Fecha de publicación, distribución, etc. 1968.
300 ## - DESCRIPCIÓN FÍSICA
Extensión XXII, 1400 p. ;
Dimensiones 18 cm.
490 1# - MENCIÓN DE SERIE
Mención de serie Clásicos Planeta ;
Designación de volumen o secuencia 11
505 8# - NOTA DE CONTENIDO CON FORMATO
Nota de contenido con formato Contiene: ;
Título Veladas en un caserío de Dikanka, I y II ;
-- Mírgorod, I y II ;
-- Arabescos ;
-- El Inspector ;
-- El casamiento ;
-- Jugadores ;
-- Almas muertas
700 1# - ENTRADA AGREGADA--NOMBRE PERSONAL
Nombre de persona Valverde, José María,
Fechas asociadas al nombre 1926-1996
9 (RLIN) 113013
700 1# - ENTRADA AGREGADA--NOMBRE PERSONAL
Nombre de persona Laín Entralgo, José.
9 (RLIN) 69679
830 0# - PUNTO DE ACCESO ADICIONAL DE SERIE-TÍTULO UNIFORME
Título uniforme Clásicos Planeta ;
Designación de volumen o secuencia 11
9 (RLIN) 192559
852 ## - LOCALIZACIÓN
Ubicación ES-MaACL
Número de control de estantería L-30772
Nota libre - enc. guaflex
-- . - Donat. Miguel A. Velasco
Holdings
Estatus retirado Estado de pérdida Estado de daño No para préstamo Biblioteca de origen Biblioteca actual Ubicación en estantería Fecha de adquisición Fuente de adquisición Total de préstamos Signatura topográfica completa Código de barras Visto por última vez Precio de reemplazo Tipo de ítem Koha
        Biblioteca del Ateneo de Madrid Biblioteca del Ateneo de Madrid Depósito 2 07/11/2016     L-30772 1196563 23/02/2023 23/02/2023 Libro impreso